[Event "FRA-chT4 1516"]
[Site "Champagne Ardennes"]
[Date "2016.03.13"]
[Round "6"]
[White "Massart, Sylvain"]
[Black "Lhoest, Alain"]
[Result "0-1"]
[WhiteElo "1450"]
[BlackElo "1618"]
[PlyCount "46"]
[EventDate "2015.12.06"]
[EventType "team-tourn"]
[EventRounds "7"]
[EventCountry "FRA"]
[SourceTitle "EXT 2024"]
[Source "ChessBase"]
[SourceDate "2023.10.10"]
[SourceVersion "1"]
[SourceVersionDate "2023.10.10"]
[SourceQuality "1"]

1. e4 c5 2. Nc3 d6 3. Bb5+ Bd7 4. Qe2 Nc6 5. Nf3 e6 6. a3 Nge7 7. d3 g6 8. Bg5 Bg7 9. Qd2 0-0 10. h4 Qb6 11. 0-0-0 Bxc3 12. Qxc3 Qxb5 13. Bh6 Nd4 14. Bxf8 Ne2+ 15. Kd2 Nxc3 16. bxc3 Rxf8 17. Rb1 Qc6 18. h5 e5 19. hxg6 fxg6 20. Rh4 h5 21. Rbh1 Bg4 22. Ng5 Rxf2+ 23. Ke3 Re2# 0-1

[Event "FRA-chT4 1516"]
[Site "Champagne Ardennes"]
[Date "2016.02.28"]
[Round "2"]
[White "Lhoest, Alain"]
[Black "Da Costa, Manuel1111"]
[Result "0-1"]
[WhiteElo "1598"]
[BlackElo "1887"]
[PlyCount "92"]
[EventDate "2015.12.06"]
[EventType "team-tourn"]
[EventRounds "7"]
[EventCountry "FRA"]
[SourceTitle "EXT 2024"]
[Source "ChessBase"]
[SourceDate "2023.10.10"]
[SourceVersion "1"]
[SourceVersionDate "2023.10.10"]
[SourceQuality "1"]

1. e4 d6 2. d4 Nf6 3. Nc3 g6 4. f4 Bg7 5. e5 dxe5 6. fxe5 Nd5 7. Bc4 Nxc3 8. bxc3 0-0 9. Rb1 c6 10. a4 Qa5 11. Rb4 c5 12. dxc5 Bxe5 13. Bd2 Qxc5 14. Qe2 Nc6 15. Rb5 Qd6 16. Nf3 Bg7 17. 0-0 e6 18. g3 a6 19. Rbb1 Na5 20. Bb3 Qc5+ 21. Qf2 Qxf2+ 22. Rxf2 Nc6 23. Rbf1 h6 24. h4 Bd7 25. Kg2 Rac8 26. Re2 Rcd8 27. Kh2 Kh7 28. Be1 Bc8 29. Ref2 f5 30. Re2 e5 31. Nd2 e4 32. Nc4 b5 33. axb5 axb5 34. Nb6 Bb7 35. Nd5 Ne5 36. Nf4 Nf3+ 37. Rxf3 exf3 38. Re7 Bc8 39. Bd5 Rfe8 40. Rxe8 Rxe8 41. Bf2 Bxc3 42. Bxf3 Rd8 43. Nd3 Be6 44. Bc6 Bc4 45. Be3 Bxd3 46. cxd3 Rxd3 0-1

[Event "FRA-chT4 1415"]
[Site "Champagne Ardennes"]
[Date "2014.12.14"]
[Round "2"]
[White "Fister, Bernard"]
[Black "Lhoest, Alain"]
[Result "1/2-1/2"]
[WhiteElo "1395"]
[BlackElo "1625"]
[PlyCount "69"]
[EventDate "2014.10.16"]
[EventType "team-tourn"]
[EventRounds "7"]
[EventCountry "FRA"]
[SourceTitle "EXT 2024"]
[Source "ChessBase"]
[SourceDate "2023.10.10"]
[SourceVersion "1"]
[SourceVersionDate "2023.10.10"]
[SourceQuality "1"]

1. f4 d5 2. Nf3 Nf6 3. b3 c5 4. e3 Nc6 5. Bb5 Bd7 6. Bb2 e6 7. Bxc6 Bxc6 8. Ne5 Bb5 9. Nc3 Ba6 10. d3 d4 11. exd4 Qxd4 12. Qf3 Nd5 13. Na4 Qxf4 14. Qxf4 Nxf4 15. 0-0 Ne2+ 16. Kh1 f6 17. Nf3 b5 18. Rae1 Nf4 19. g3 Kd7 20. Nxc5+ Bxc5 21. gxf4 Rac8 22. c3 Bb7 23. c4 Bd6 24. Bc1 Bb4 25. Rd1 a6 26. a3 Bc3 27. b4 Bd4 28. c5 Rhf8 29. Kg2 e5 30. f5 g5 31. Kg3 Bxf3 32. Rxf3 h5 33. h3 Rg8 34. Rff1 Kc6 35. Rfe1 1/2-1/2

[Event "FRA-chT4 1415"]
[Site "Champagne Ardennes"]
[Date "2014.11.16"]
[Round "2.6"]
[White "Baret, Benoit"]
[Black "Lhoest, Alain"]
[Result "0-1"]
[WhiteElo "1695"]
[BlackElo "1625"]
[PlyCount "53"]
[EventDate "2014.10.16"]
[EventType "team-tourn"]
[EventRounds "7"]
[EventCountry "FRA"]
[SourceTitle "EXT 2024"]
[Source "ChessBase"]
[SourceDate "2023.10.10"]
[SourceVersion "1"]
[SourceVersionDate "2023.10.10"]
[SourceQuality "1"]

1. d4 Nf6 2. c4 e6 3. Nc3 Bb4 4. Bd2 c5 5. e3 0-0 6. Nf3 b6 7. Bd3 Bb7 8. 0-0 d5 9. b3 Nc6 10. Qc2 dxc4 11. Bxc4 cxd4 12. Ne4 dxe3 13. Bxe3 Be7 14. Rad1 Qc7 15. Nxf6+ Bxf6 16. Bg5 Nb4 17. Qd2 Bxg5 18. Nxg5 Qe7 19. a4 Rad8 20. Qf4 h6 21. Nf3 Bd5 22. Rfe1 Qc5 23. Rc1 Na2 24. Rc2 Nb4 25. Rcc1 Qe7 26. h3 Bxc4 27. bxc4 0-1

[Event "Blagny op 4th"]
[Site "Blagny"]
[Date "2012.04.08"]
[Round "3"]
[White "Lhoest, Alain"]
[Black "Marini, Franck"]
[Result "1-0"]
[WhiteElo "1716"]
[BlackElo "1591"]
[PlyCount "91"]
[EventDate "2012.03.??"]
[EventType "swiss"]
[EventRounds "6"]
[EventCountry "FRA"]
[SourceTitle "EXT 2014"]
[Source "ChessBase"]
[SourceDate "2013.11.20"]
[SourceVersion "1"]
[SourceVersionDate "2013.11.20"]
[SourceQuality "1"]

1. e4 c6 2. d4 d5 3. Nc3 dxe4 4. Nxe4 Bf5 5. Ng3 Bg6 6. Nf3 Nd7 7. Bc4 Ngf6 8. h4 h6 9. c3 Nb6 10. Bb3 e6 11. Qe2 Bd6 12. Ne5 Bxe5 13. dxe5 Nfd5 14. h5 Bh7 15. Qg4 Qc7 16. f4 0-0-0 17. 0-0 Nd7 18. Qe2 Nc5 19. Bc2 Bxc2 20. Qxc2 Qb6 21. Kh2 Nd7 22. Rf3 f6 23. c4 Ne7 24. Be3 Qa6 25. Ne4 Rdf8 26. Nd6+ Kb8 27. Bd4 fxe5 28. Ra3 Qxa3 29. bxa3 exd4 30. Qb2 Nb6 31. c5 Ned5 32. cxb6 Nxb6 33. Qxd4 g5 34. hxg6 Rhg8 35. g7 Rd8 36. Rb1 Rd7 37. Qe5 Ka8 38. Qxe6 Rdxg7 39. Rb2 Rg6 40. Qe5 Rd8 41. Rd2 Rgg8 42. f5 Rg5 43. Nf7 Rh5+ 44. Kg1 Rg8 45. Rd8+ Rxd8 46. Nxd8 1-0

[Event "FRA-chT4 0506"]
[Site "France"]
[Date "2006.03.12"]
[Round "6"]
[White "Lhoest, Alain"]
[Black "Fournier, Manuel"]
[Result "0-1"]
[WhiteElo "1770"]
[BlackElo "1960"]
[PlyCount "48"]
[EventDate "2005.10.02"]
[EventType "team"]
[EventRounds "9"]
[EventCountry "FRA"]
[SourceTitle "EXT 2007"]
[Source "ChessBase"]
[SourceDate "2006.11.23"]
[SourceVersion "1"]
[SourceVersionDate "2006.11.23"]
[SourceQuality "1"]

1. e4 e5 2. Nf3 Nc6 3. Bb5 Nf6 4. 0-0 Nxe4 5. Re1 Nd6 6. Nxe5 Nxe5 7. Rxe5+ Be7 8. Nc3 Nxb5 9. Nxb5 d6 10. Re1 0-0 11. d3 c6 12. Nc3 d5 13. Bd2 Bd6 14. Qf3 Qh4 15. h3 Bd7 16. Ne2 Rae8 17. c3 Re6 18. g4 Rf6 19. Qg2 h5 20. f3 hxg4 21. fxg4 Rg6 22. Nf4 Bxf4 23. Bxf4 Bxg4 24. Re3 Bxh3 0-1

[Event "FRA-chT4 0304"]
[Site "Champagne Ardenne"]
[Date "2003.10.12"]
[Round "1"]
[White "Lhoest, Alain"]
[Black "Meunier, Samuel"]
[Result "1/2-1/2"]
[WhiteElo "1870"]
[BlackElo "1960"]
[PlyCount "116"]
[EventDate "2003.10.??"]
[EventRounds "6"]
[EventCountry "FRA"]
[SourceTitle "EXT 2005"]
[Source "ChessBase"]
[SourceDate "2004.11.15"]
[SourceVersion "1"]
[SourceVersionDate "2004.11.15"]
[SourceQuality "1"]

1. e4 c5 2. Nf3 Nc6 3. Bb5 d6 4. Bxc6+ bxc6 5. 0-0 g6 6. d4 cxd4 7. Qxd4 Nf6 8. e5 c5 9. Qh4 dxe5 10. Nxe5 Bg7 11. Nc3 h5 12. Rd1 Qb6 13. Qa4+ Kf8 14. Be3 Bf5 15. Qc4 Qe6 16. Qxe6 Bxe6 17. Bxc5 Ne4 18. Nxe4 Bxe5 19. c3 h4 20. Bd4 Rh5 21. Bxe5 Rxe5 22. f3 Bf5 23. Rd4 Kg7 24. g4 hxg3 25. hxg3 Bxe4 26. Rxe4 Rxe4 27. fxe4 Kf6 28. Rd1 Ke6 29. Kf2 Rh8 30. Kg2 Rh5 31. b4 a5 32. a3 axb4 33. axb4 Rh8 34. Kf3 Ra8 35. Ke3 Ra2 36. Kd4 Kd6 37. Kc4+ Kc7 38. Rf1 f6 39. Rd1 Rg2 40. Rd3 Rg1 41. Kd5 Re1 42. c4 Rb1 43. b5 Rb4 44. Kc5 Rb2 45. Ra3 Kb7 46. Re3 Kc7 47. e5 f5 48. e6 g5 49. Rd3 f4 50. gxf4 gxf4 51. Rf3 Re2 52. Kd5 Rd2+ 53. Ke5 Re2+ 54. Kf5 Kd6 55. Rc3 Kc5 56. Kxf4 Rxe6 57. Kf5 Re1 58. Kf4 Re6 1/2-1/2

[Event "FRA-chT4 0102"]
[Site "Champagne Ardenne"]
[Date "2001.12.09"]
[Round "3"]
[White "Michaud, Jean Noel"]
[Black "Lhoest, Alain"]
[Result "1/2-1/2"]
[WhiteElo "2000"]
[BlackElo "1880"]
[PlyCount "80"]
[EventDate "2002.10.??"]
[EventType "team"]
[EventRounds "7"]
[EventCountry "FRA"]
[SourceTitle "EXT 2005"]
[Source "ChessBase"]
[SourceDate "2004.11.15"]
[SourceVersion "1"]
[SourceVersionDate "2004.11.15"]
[SourceQuality "1"]

1. c4 b6 2. Nc3 Bb7 3. Nf3 Nf6 4. g3 e6 5. Bg2 Be7 6. d3 0-0 7. 0-0 d5 8. cxd5 exd5 9. e3 c5 10. b3 Nbd7 11. Bb2 Re8 12. Rc1 Rc8 13. Re1 Bf8 14. Ne2 b5 15. Nd2 Nb6 16. Nc3 a6 17. e4 d4 18. Ne2 Qd7 19. Nf4 Qd8 20. Nh3 Nbd7 21. f4 Qb6 22. Ba1 h5 23. Ng5 g6 24. h3 Nh7 25. Nxh7 Kxh7 26. Kh2 Bg7 27. Nf3 f6 28. Nh4 f5 29. exf5 Rxe1 30. fxg6+ Kg8 31. Qxe1 Bxg2 32. Kxg2 Nf6 33. Qf2 Re8 34. Re1 Qc6+ 35. Kg1 Re6 36. f5 Re8 37. Rxe8+ Qxe8 38. Kf1 Nd5 39. Nf3 Ne3+ 40. Kg1 Nxf5 1/2-1/2

[Event "FRA-chT4 0001"]
[Site "Champagne Ardenne"]
[Date "2001.04.01"]
[Round "7"]
[White "Lhoest, Alain"]
[Black "Baume, Christophe"]
[Result "0-1"]
[WhiteElo "1810"]
[BlackElo "2083"]
[PlyCount "76"]
[EventDate "2001.10.??"]
[EventType "team"]
[EventRounds "7"]
[EventCountry "FRA"]
[SourceTitle "EXT 2005"]
[Source "ChessBase"]
[SourceDate "2004.11.15"]
[SourceVersion "1"]
[SourceVersionDate "2004.11.15"]
[SourceQuality "1"]

1. e4 g6 2. d4 Bg7 3. Nf3 d6 4. h3 Nf6 5. Nc3 0-0 6. Be3 c6 7. Qd2 b5 8. a3 a6 9. Bd3 Nbd7 10. e5 Ne8 11. Bh6 dxe5 12. Bxg7 Kxg7 13. Be4 Bb7 14. Rd1 exd4 15. Qxd4+ Nef6 16. 0-0 Qb6 17. Qxb6 Nxb6 18. Bd3 c5 19. Be2 Rad8 20. Nd2 c4 21. Bf3 Bxf3 22. Nxf3 Nbd5 23. Ne2 Rd6 24. Rfe1 Rfd8 25. g3 e6 26. Ned4 Nb6 27. c3 Na4 28. Rd2 Nc5 29. Red1 Nd3 30. Ne1 Ne4 31. Re2 Ndxf2 32. Nxe6+ fxe6 33. Rxd6 Rxd6 34. Kg2 Kf6 35. Nf3 e5 36. Rxf2 Nxf2 37. Kxf2 Rd3 38. Ke2 Kf5 0-1

[Event "Ardennes-ch 0102"]
[Site "Ardennes"]
[Date "2001.??.??"]
[Round "?"]
[White "Alexandre, Roland"]
[Black "Lhoest, Alain"]
[Result "1/2-1/2"]
[WhiteElo "1690"]
[BlackElo "1880"]
[PlyCount "42"]
[EventDate "2001.??.??"]
[EventType "swiss"]
[EventRounds "9"]
[EventCountry "FRA"]
[SourceTitle "EXT 2008"]
[Source "ChessBase"]
[SourceDate "2007.11.25"]
[SourceVersion "1"]
[SourceVersionDate "2007.11.25"]
[SourceQuality "1"]

1. e4 c6 2. d4 d5 3. Nc3 dxe4 4. Nxe4 Bf5 5. Ng3 Bg6 6. Nf3 Nd7 7. h4 h6 8. h5 Bh7 9. Bd3 Bxd3 10. Qxd3 Qc7 11. Be3 Ngf6 12. 0-0-0 e6 13. Ne2 Bd6 14. Rh4 0-0-0 15. Qb3 Rhe8 16. Ne5 Nb6 17. Nc4 Nxc4 18. Qxc4 Nd5 19. Bd2 f5 20. Nc3 Nb6 21. Qb3 Nd5 1/2-1/2